000 00967nac a22002891i 4500
003 EG-ScBUE
005 20260226093340.0
008 260226t1990 enka f b 001 0 eng d
020 _a0521566681 (pbk)
020 _a9780521566681
040 _aEG-ScBUE
_beng
_erda
_cEG-ScBUE
_dEG-ScBUE
082 0 4 _a575.0092
_bBOW
_222
100 1 _aBowler, Peter J.,
_eauthor.
245 1 0 _aCharles Darwin :
_bthe man and his influence /
_cPeter J. Bowler.
264 1 _aCambridge :
_bCambridge University Press,
_c[1990]
264 4 _ac1990
300 _axii, 250 pages :
_billustrations ;
_c24 cm.
336 _2rdacontent
_atext
_btxt
337 _aunmediated
_2rdamedia
_bn
338 _avolume
_bnc
_2rdacarrier
490 0 _aCambridge science biographies series
504 _aIncludes bibliographical references and index.
600 1 7 _aDarwin, Charles,
_d1809-1882.
650 7 _aBiologists
_vBiography.
_2BUEsh
655 _vReading book
942 _cBB
_2ddc
999 _c7097
_d7097